[Event "SVK-chT2C 2324"]
[Site "Slovakia"]
[Date "2023.11.11"]
[Round "3.8"]
[White "Mikulec, Martin"]
[Black "Sustek, Vladimir"]
[Result "1/2-1/2"]
[WhiteElo "1854"]
[BlackElo "1823"]
[PlyCount "77"]
[EventDate "2023.10.07"]
[EventType "team-tourn"]
[EventRounds "11"]
[EventCountry "SVK"]
[SourceTitle "EXT 2025"]
[Source "ChessBase"]
[SourceDate "2024.10.14"]
[SourceVersion "1"]
[SourceVersionDate "2024.10.14"]
[SourceQuality "1"]
[WhiteTeam "Banska Bystrica PSK"]
[BlackTeam "Zilina Mladost II"]
[WhiteTeamCountry "SVK"]
[BlackTeamCountry "SVK"]

1. e4 c5 2. Nf3 Nc6 3. Bb5 a6 4. Bxc6 bxc6 5. 0-0 Qc7 6. c4 e5 7. d3 Be7 8. Nc3 Nf6 9. h3 0-0 10. Qe2 d6 11. Nh2 Ne8 12. f4 f5 13. fxe5 dxe5 14. exf5 Bxf5 15. g4 Bg6 16. Rxf8+ Bxf8 17. Nf3 Rd8 18. Nxe5 Bxd3 19. Nxd3 Qg3+ 20. Qg2 Qxd3 21. Bg5 Be7 22. Rd1 Qxd1+ 23. Nxd1 Rxd1+ 24. Kf2 Bxg5 25. Qxc6 Bh4+ 26. Ke2 Re1+ 27. Kd2 Nf6 28. Qxa6 Ne4+ 29. Kd3 Bf6 30. Qa8+ Kf7 31. Qb7+ Kg6 32. a4 Nd6 33. Qc6 Rd1+ 34. Kc2 Rd4 35. b3 Ne4 36. a5 Kg5 37. a6 Rd2+ 38. Kb1 Rd1+ 39. Kc2 1/2-1/2

[Event "SVK-chT2C 2223"]
[Site "Slovakia"]
[Date "2023.02.12"]
[Round "9.5"]
[White "Sustek, Vladimir"]
[Black "Macko, Michal"]
[Result "0-1"]
[WhiteElo "1876"]
[BlackElo "2141"]
[PlyCount "80"]
[EventDate "2022.10.08"]
[EventType "team-tourn"]
[EventRounds "11"]
[EventCountry "SVK"]
[SourceTitle "EXT 2024"]
[Source "ChessBase"]
[SourceDate "2023.10.10"]
[SourceVersion "1"]
[SourceVersionDate "2023.10.10"]
[SourceQuality "1"]
[WhiteTeam "Zilina Mladost III"]
[BlackTeam "Liptov Chess School III"]
[WhiteTeamCountry "SVK"]
[BlackTeamCountry "SVK"]

1. Nf3 d5 2. g3 g6 3. Bg2 Bg7 4. 0-0 e5 5. d3 Ne7 6. Nbd2 0-0 7. e4 c5 8. exd5 Nxd5 9. Nb3 Qc7 10. c4 Ne7 11. Be3 Na6 12. Qe2 Nf5 13. Bd2 Bd7 14. Ng5 Rae8 15. Qd1 Ba4 16. Bc3 h6 17. Ne4 Rd8 18. Qb1 b6 19. Nc1 Bc6 20. a4 Nb4 21. Rd1 Nd4 22. Bxd4 Rxd4 23. Ne2 Rd7 24. a5 f5 25. axb6 axb6 26. N4c3 Bxg2 27. Kxg2 Rfd8 28. Nd5 Nxd5 29. cxd5 Rxd5 30. Qa2 Kh7 31. Qb3 Qc6 32. Kg1 b5 33. Ra7 c4 34. Qb4 Rxd3 35. Rxd3 Rxd3 36. Nc3 Rd6 37. h4 f4 38. Kh2 fxg3+ 39. fxg3 Rd2+ 40. Kh3 Qg2+ 0-1

[Event "SVK-chT2C 1920"]
[Site "Slovakia"]
[Date "2019.11.17"]
[Round "4.6"]
[White "Taragelova, Martina"]
[Black "Sustek, Vladimir"]
[Result "1-0"]
[WhiteElo "1956"]
[BlackElo "1966"]
[PlyCount "41"]
[EventDate "2019.10.26"]
[EventType "team-tourn"]
[EventRounds "11"]
[EventCountry "SVK"]
[SourceTitle "CBM 193 Extra"]
[Source "ChessBase"]
[SourceDate "2020.01.31"]
[SourceVersion "1"]
[SourceVersionDate "2020.01.31"]
[SourceQuality "1"]
[WhiteTeam "Liptov Chess School III"]
[BlackTeam "Zilina Mladost III"]
[WhiteTeamCountry "SVK"]
[BlackTeamCountry "SVK"]

1. e4 e5 2. Nf3 Nc6 3. d4 exd4 4. Nxd4 Bc5 5. Be3 Qf6 6. c3 Nge7 7. Bc4 d6 8. 0-0 0-0 9. Nxc6 Nxc6 10. Bxc5 dxc5 11. f4 Rd8 12. Qe2 Na5 13. Bb3 Nxb3 14. axb3 Qb6 15. c4 Qxb3 16. Ra3 Qb4 17. Rg3 Rd6 18. f5 b5 19. e5 Rh6 20. Qe3 Rb6 21. Qg5 1-0

[Event "SVK-chT2C 1920"]
[Site "Slovakia"]
[Date "2019.10.27"]
[Round "2.6"]
[White "Sustek, Vladimir"]
[Black "Valuska, Jan"]
[Result "1-0"]
[WhiteElo "1986"]
[BlackElo "1932"]
[PlyCount "59"]
[EventDate "2019.10.26"]
[EventType "team-tourn"]
[EventRounds "11"]
[EventCountry "SVK"]
[SourceTitle "CBM 193 Extra"]
[Source "ChessBase"]
[SourceDate "2020.01.31"]
[SourceVersion "1"]
[SourceVersionDate "2020.01.31"]
[SourceQuality "1"]
[WhiteTeam "Zilina Mladost III"]
[BlackTeam "Zvolen Slavia"]
[WhiteTeamCountry "SVK"]
[BlackTeamCountry "SVK"]

1. d4 e6 2. Nf3 d5 3. e3 Nf6 4. Bd3 Bd6 5. 0-0 0-0 6. c4 c6 7. Nc3 Nbd7 8. Bd2 dxc4 9. Bxc4 e5 10. Qb3 exd4 11. exd4 Qb6 12. Qc2 Qc7 13. Rac1 Nb6 14. Bd3 Bg4 15. Nb5 Qb8 16. Nxd6 Qxd6 17. Ne5 Be6 18. Bg5 Nbd5 19. Qe2 Rfe8 20. Qf3 Nd7 21. Nc4 Qc7 22. Bh4 Qf4 23. Bg3 Qxf3 24. gxf3 Nb4 25. Bb1 Bxc4 26. Rxc4 Nd5 27. Bf5 N7b6 28. Rcc1 Re2 29. Rb1 Nc4 30. Bd3 1-0

[Event "SVK-chT1E 1516"]
[Site "Slovakia"]
[Date "2016.03.19"]
[Round "10.8"]
[White "Sustek, Vladimir"]
[Black "Furman, Slavomir"]
[Result "1/2-1/2"]
[WhiteElo "1897"]
[BlackElo "1789"]
[PlyCount "104"]
[EventDate "2015.10.24"]
[EventType "team-tourn"]
[EventRounds "11"]
[EventCountry "SVK"]
[SourceTitle "EXT 2017"]
[Source "ChessBase"]
[SourceDate "2016.10.25"]
[SourceVersion "1"]
[SourceVersionDate "2016.10.25"]
[SourceQuality "1"]
[WhiteTeam "Zilina Mladost"]
[BlackTeam "Bardejov"]
[WhiteTeamCountry "SVK"]
[BlackTeamCountry "SVK"]

1. d4 d5 2. c4 e6 3. Nc3 Nf6 4. Nf3 c6 5. e3 Bd6 6. Qc2 Nbd7 7. Bd3 dxc4 8. Bxc4 c5 9. 0-0 cxd4 10. exd4 Nb6 11. Bb3 0-0 12. Bg5 Be7 13. Rad1 Nbd5 14. Rfe1 Re8 15. Ne5 Qc7 16. Qd3 Bd7 17. Nxd7 Qxd7 18. Ba4 Nb4 19. Qe2 Nc6 20. Be3 Rad8 21. Qf3 Nd5 22. Nxd5 Qxd5 23. Qxd5 Rxd5 24. Bb3 Rdd8 25. a3 Bf6 26. Ba4 Rd6 27. Bxc6 Rxc6 28. Rd2 Rd6 29. f4 Red8 30. Red1 Kf8 31. Kf2 Rd5 32. Kf3 g6 33. Ke4 Ke8 34. g4 Bg7 35. g5 a6 36. h4 Rc8 37. Kf3 Rc4 38. b3 Rc3 39. Rd3 Rc2 40. Bf2 Ke7 41. R1d2 Rc8 42. Ke4 Rd7 43. h5 Rd5 44. hxg6 hxg6 45. Rh3 Rh8 46. Rxh8 Bxh8 47. Rc2 Kd7 48. Rc5 Rxc5 49. dxc5 Bb2 50. a4 Kc6 51. Bd4 Ba3 52. Ke5 Bc1 1/2-1/2

[Event "SVK-chT2C 1415"]
[Site "Slovakia"]
[Date "2014.11.08"]
[Round "3.7"]
[White "Sustek, Vladimir"]
[Black "Petrovsky, Jan"]
[Result "0-1"]
[WhiteElo "1999"]
[BlackElo "1756"]
[PlyCount "78"]
[EventDate "2014.10.11"]
[EventType "team-tourn"]
[EventRounds "11"]
[EventCountry "SVK"]
[SourceTitle "EXT 2016"]
[Source "ChessBase"]
[SourceDate "2015.10.08"]
[SourceVersion "1"]
[SourceVersionDate "2015.10.08"]
[SourceQuality "1"]
[WhiteTeam "Zilina Mladost II"]
[BlackTeam "Podbrezova ZP Sport"]
[WhiteTeamCountry "SVK"]
[BlackTeamCountry "SVK"]

1. e4 e5 2. Nf3 Nf6 3. d4 Nxe4 4. dxe5 d5 5. Bd3 Nc5 6. 0-0 Be7 7. Bf4 0-0 8. Be2 Ne6 9. Bg3 c5 10. Nbd2 f5 11. exf6 Bxf6 12. c3 Nc6 13. Qc2 b6 14. Rad1 Bb7 15. Bd3 g6 16. Rfe1 Ng7 17. Nf1 Re8 18. Ne3 Ne5 19. Nxe5 Bxe5 20. Bb5 Re6 21. f4 Bc7 22. Qb3 Rd6 23. f5 c4 24. Bxc4 dxc4 25. Qxc4+ Kh8 26. f6 Qxf6 27. Bxd6 Bxd6 28. Nd5 Bxd5 29. Qxd5 Rd8 30. Qc4 Nf5 31. Qe4 Bc5+ 32. Kh1 Rxd1 33. Rxd1 Ne3 34. Rb1 a5 35. a3 a4 36. Qxa4 Qf2 37. Qa8+ Kg7 38. Qe4 Nf1 39. Qe5+ Kh6 0-1

[Event "SVK-chT2C 1415"]
[Site "Slovakia"]
[Date "2014.10.11"]
[Round "1.8"]
[White "Sustek, Vladimir"]
[Black "Listiak, Juraj"]
[Result "1-0"]
[WhiteElo "1999"]
[BlackElo "1980"]
[PlyCount "77"]
[EventDate "2014.10.11"]
[EventType "team-tourn"]
[EventRounds "11"]
[EventCountry "SVK"]
[SourceTitle "EXT 2016"]
[Source "ChessBase"]
[SourceDate "2015.10.08"]
[SourceVersion "1"]
[SourceVersionDate "2015.10.08"]
[SourceQuality "1"]
[WhiteTeam "Zilina Mladost II"]
[BlackTeam "Banska Bystrica Kurta"]
[WhiteTeamCountry "SVK"]
[BlackTeamCountry "SVK"]

1. e4 e6 2. d4 d5 3. exd5 exd5 4. c4 Nf6 5. Nc3 Be7 6. Qb3 c6 7. Nf3 0-0 8. Be2 dxc4 9. Bxc4 Nbd7 10. 0-0 Nb6 11. Bg5 Nxc4 12. Qxc4 Be6 13. Qd3 h6 14. Bf4 Nd5 15. Be5 Qd7 16. Rad1 Rfd8 17. Rfe1 Rac8 18. Bg3 Nxc3 19. bxc3 c5 20. Ne5 Qd5 21. c4 Qxd4 22. Qb3 Bxc4 23. Nxc4 Qf6 24. Rxd8+ Rxd8 25. Qxb7 Bf8 26. Ne5 Qe6 27. h3 Qxa2 28. Nc6 Qd2 29. f3 Rd7 30. Qc8 f5 31. Ne7+ Kf7 32. Nxf5 Qd3 33. Qe8+ Kg8 34. Ne7+ Rxe7 35. Rxe7 c4 36. Rxg7+ Kxg7 37. Be5+ Kg8 38. Qe6+ Kh7 39. Qf7+ 1-0

[Event "Zilina-ch"]
[Site "Zilina"]
[Date "2014.05.10"]
[Round "3"]
[White "Sustek, Vladimir"]
[Black "Horbal, Jozef"]
[Result "1-0"]
[WhiteElo "1989"]
[BlackElo "1694"]
[PlyCount "73"]
[EventDate "2014.05.09"]
[EventType "swiss"]
[EventRounds "6"]
[EventCountry "SVK"]
[SourceTitle "CBM 160 Extra"]
[Source "ChessBase"]
[SourceDate "2014.07.01"]
[SourceVersion "1"]
[SourceVersionDate "2014.07.01"]
[SourceQuality "1"]

1. e4 e5 2. Nf3 Nf6 3. d4 exd4 4. e5 Qe7 5. Be2 Ng8 6. 0-0 Nc6 7. Re1 d5 8. exd6 Qxd6 9. Bc4+ Be6 10. Ng5 Nd8 11. Qf3 Nf6 12. c3 c6 13. Bf4 Qd7 14. Nd2 Be7 15. Nxe6 Nxe6 16. Be5 0-0 17. Rad1 Rad8 18. Nb3 c5 19. cxd4 cxd4 20. Nxd4 Nxd4 21. Rxd4 Qc8 22. Bb3 Rxd4 23. Bxd4 Bb4 24. Rf1 Qd8 25. Rd1 Qe7 26. Bxa7 Rc8 27. Be3 Rc6 28. g3 h6 29. Kg2 Nd7 30. Ba4 Ne5 31. Qe2 Ra6 32. Bb3 Bd6 33. Bd4 Nc6 34. Be3 Nb4 35. a3 Nc6 36. Qf3 Rb6 37. Bxb6 1-0

[Event "Zilina-ch"]
[Site "Zilina"]
[Date "2014.05.10"]
[Round "4"]
[White "Tomcik, Milan"]
[Black "Sustek, Vladimir"]
[Result "0-1"]
[WhiteElo "2024"]
[BlackElo "1989"]
[PlyCount "140"]
[EventDate "2014.05.09"]
[EventType "swiss"]
[EventRounds "6"]
[EventCountry "SVK"]
[SourceTitle "CBM 160 Extra"]
[Source "ChessBase"]
[SourceDate "2014.07.01"]
[SourceVersion "1"]
[SourceVersionDate "2014.07.01"]
[SourceQuality "1"]

1. e4 c5 2. Nf3 Nc6 3. d4 cxd4 4. Nxd4 e5 5. Nb5 d6 6. c4 f5 7. N1c3 a6 8. Na3 f4 9. Nc2 Nf6 10. Be2 Be7 11. Bf3 0-0 12. Bd2 Be6 13. Nd5 Rc8 14. Rc1 Kh8 15. h3 Nb8 16. Qe2 Nbd7 17. Bg4 Nxg4 18. hxg4 Bg5 19. f3 Bh4+ 20. Kf1 Bg5 21. Ncb4 Nb6 22. b3 Nd7 23. Nd3 Nf6 24. Nxf6 Rxf6 25. Nb4 Rh6 26. Rxh6 Bxh6 27. Nd5 Bd7 28. Qe1 b6 29. a4 g5 30. Bb4 Bf8 31. Qf2 Rb8 32. Qd2 b5 33. cxb5 axb5 34. a5 h5 35. gxh5 g4 36. Nxf4 exf4 37. Qxf4 gxf3 38. gxf3 Qe7 39. h6 Kh7 40. Ke2 Qe6 41. Rc7 Rd8 42. e5 Bxh6 43. Qe4+ Kg8 44. exd6 Bf4 45. Qxe6+ Bxe6 46. Re7 Bxb3 47. d7 Bc4+ 48. Kf2 Bg5 49. Re8+ Kf7 50. Rxd8 Bxd8 51. Ke3 Ke6 52. Kd4 Kxd7 53. Bd2 Kc6 54. Bb4 Bf6+ 55. Ke4 Bd5+ 56. Ke3 Kd7 57. f4 Ke6 58. Bc5 Bb7 59. Bb6 Kd5 60. Kd3 b4 61. Bc7 Ba6+ 62. Kc2 Kc4 63. Be5 Bd8 64. f5 Kd5 65. Bb2 Bxa5 66. Kb3 Bb5 67. Bc1 Be8 68. Be3 Ke4 69. Bc1 Kxf5 70. Bh6 Bf7+ 0-1

[Event "SVK-chT2C 1314"]
[Site "Slovakia"]
[Date "2014.01.12"]
[Round "6.7"]
[White "Sustek, Vladimir"]
[Black "Vrchovsky, Viliam"]
[Result "0-1"]
[WhiteElo "1958"]
[BlackElo "1923"]
[PlyCount "140"]
[EventDate "2013.10.19"]
[EventType "team-tourn"]
[EventRounds "11"]
[EventCountry "SVK"]
[SourceTitle "EXT 2015"]
[Source "ChessBase"]
[SourceDate "2014.11.20"]
[SourceVersion "1"]
[SourceVersionDate "2014.11.20"]
[SourceQuality "1"]
[WhiteTeam "Zilina Mladost II"]
[BlackTeam "Dunajov II"]
[WhiteTeamCountry "SVK"]
[BlackTeamCountry "SVK"]

1. e4 e6 2. d4 d5 3. exd5 exd5 4. c4 Nf6 5. Nc3 Nc6 6. c5 Be7 7. Bb5 0-0 8. Nge2 Bf5 9. a3 a6 10. Ba4 Rc8 11. 0-0 b5 12. Bb3 Re8 13. Nf4 Be6 14. Nxe6 fxe6 15. f4 Nd7 16. Nxd5 Bf8 17. Nb4 Nxd4 18. c6 Nc5 19. Bc2 a5 20. Be3 Nf5 21. Bxf5 exf5 22. Nc2 Nd3 23. Bd4 Nc5 24. Bc3 Nb3 25. Rb1 Re6 26. Qh5 Qd3 27. Ne1 Bc5+ 28. Rf2 Bxf2+ 29. Kxf2 Qe3+ 30. Kf1 Qxf4+ 31. Nf3 b4 32. axb4 axb4 33. Be1 Rh6 34. Qg5 Qxg5 35. Nxg5 Rxc6 36. Bxb4 Rc4 37. Be1 Rd8 38. Nf3 h6 39. Bc3 g5 40. Kg1 Re4 41. Rf1 Rd6 42. g3 Kh7 43. Kf2 Kg6 44. Rh1 c5 45. h4 g4 46. h5+ Kf7 47. Nh4 Rd3 48. Ng6 Rf3+ 49. Kg2 Re2+ 50. Kg1 Rxg3+ 51. Kf1 Rgg2 52. Ne5+ Ke6 53. Nd3 Kd7 54. Rg1 Rxg1+ 55. Kxe2 Rh1 56. Nf4 Nd4+ 57. Kd3 Ne6 58. Nd5 Kd6 59. Ne3 Rxh5 60. Nc4+ Kc6 61. Ke2 Kd5 62. Ne3+ Ke4 63. Nf1 Rh3 64. Be1 Nd4+ 65. Kf2 Rf3+ 66. Kg2 Rxf1 67. Kxf1 Kf3 68. b4 cxb4 69. Bxb4 g3 70. Bc5 g2+ 0-1

[Event "Zilina op"]
[Site "Zilina"]
[Date "2013.08.29"]
[Round "1"]
[White "Sustek, Vladimir"]
[Black "Pechac, Jergus"]
[Result "0-1"]
[WhiteElo "1974"]
[BlackElo "2182"]
[PlyCount "86"]
[EventDate "2013.08.29"]
[EventType "swiss"]
[EventRounds "7"]
[EventCountry "SVK"]
[SourceTitle "CBM 156 Extra"]
[Source "ChessBase"]
[SourceDate "2013.10.22"]
[SourceVersion "1"]
[SourceVersionDate "2013.10.22"]
[SourceQuality "1"]

1. d4 e6 2. Nf3 c5 3. e3 Nf6 4. Be2 Nc6 5. 0-0 Be7 6. c4 d5 7. dxc5 Bxc5 8. cxd5 exd5 9. Nc3 0-0 10. Nd4 a6 11. a3 Re8 12. Nxc6 bxc6 13. Bf3 Bf5 14. Ne2 Qc7 15. Ng3 Bg6 16. b4 Bd6 17. Bb2 a5 18. Rc1 axb4 19. axb4 Qb7 20. Bxf6 gxf6 21. Nh5 Re6 22. Bg4 f5 23. Bf3 Qxb4 24. g3 Be5 25. Rb1 Qe7 26. Rb6 Rd8 27. Qb3 c5 28. Rb7 c4 29. Qb5 Qe8 30. Qc5 Rc6 31. Qa3 Rcd6 32. Nf4 Bxf4 33. gxf4 d4 34. Rd1 Qf8 35. Qa7 dxe3 36. Rxd6 exf2+ 37. Kxf2 Qxd6 38. Kg3 c3 39. Rc7 Qd2 40. Qc5 Qe1+ 41. Kh3 Qf1+ 42. Kg3 Bh5 43. Bg2 Rd3+ 0-1

[Event "Zilina Region-ch"]
[Site "Zilina"]
[Date "2013.05.19"]
[Round "5"]
[White "Kukucka, Matej"]
[Black "Sustek, Vladimir"]
[Result "1/2-1/2"]
[WhiteElo "2067"]
[BlackElo "1948"]
[PlyCount "75"]
[EventDate "2013.05.17"]
[EventType "swiss"]
[EventRounds "6"]
[EventCountry "SVK"]
[SourceTitle "CBM 154 Extra"]
[Source "ChessBase"]
[SourceDate "2013.06.25"]
[SourceVersion "2"]
[SourceVersionDate "2013.06.25"]
[SourceQuality "1"]

1. d4 Nf6 2. c4 g6 3. Nc3 Bg7 4. e4 d6 5. h3 0-0 6. Bg5 h6 7. Be3 e5 8. d5 Ne8 9. Qd2 Kh7 10. g4 f5 11. gxf5 gxf5 12. exf5 Bxf5 13. Nge2 Qh4 14. Ng3 Bd7 15. Bd3+ Kh8 16. 0-0-0 Na6 17. Nce4 b6 18. Bb1 Nc5 19. Qc2 Nxe4 20. Qxe4 Qxe4 21. Nxe4 Nf6 22. Nxf6 Rxf6 23. Rdg1 Rg8 24. Rg3 Bf8 25. Rhg1 Rxg3 26. Rxg3 a5 27. Kd2 Bg7 28. Bd3 Be8 29. Be2 Bg6 30. a3 Kh7 31. b3 Rf7 32. Rg4 Bf6 33. Bd3 Bxd3 34. Kxd3 Bg5 35. h4 Bd8 36. Ke4 h5 37. Rg2 Bf6 38. Bg5 1/2-1/2

[Event "SVK-chT1E 1213"]
[Site "Slovakia"]
[Date "2013.03.23"]
[Round "10.1"]
[White "Sustek, Vladimir"]
[Black "Kalata, Peter"]
[Result "1/2-1/2"]
[WhiteElo "1957"]
[BlackElo "2165"]
[PlyCount "121"]
[EventDate "2012.10.20"]
[EventType "team-tourn"]
[EventRounds "11"]
[EventCountry "SVK"]
[SourceTitle "EXT 2015"]
[Source "ChessBase"]
[SourceDate "2014.11.20"]
[SourceVersion "1"]
[SourceVersionDate "2014.11.20"]
[SourceQuality "1"]
[WhiteTeam "Zilina Mladost"]
[BlackTeam "Bardejov"]
[WhiteTeamCountry "SVK"]
[BlackTeamCountry "SVK"]

1. d4 Nf6 2. c4 g6 3. Nc3 Bg7 4. e4 d6 5. Be2 0-0 6. Nf3 e5 7. dxe5 dxe5 8. Qxd8 Rxd8 9. Bg5 Re8 10. 0-0-0 c6 11. Nxe5 Nxe4 12. Nxe4 Bxe5 13. f4 Bg7 14. Bf3 h6 15. Bh4 Na6 16. Nd6 Re6 17. Nxc8 Rxc8 18. Bf2 b6 19. Rd7 Rc7 20. Rhd1 Re7 21. Rxe7 Rxe7 22. a3 c5 23. Rd8+ Kh7 24. Bh4 Rc7 25. Kc2 h5 26. f5 Be5 27. h3 Kg7 28. fxg6 fxg6 29. Bd5 Kh6 30. Re8 Bd4 31. Bg3 Rd7 32. Be6 Rg7 33. h4 Kh7 34. Bc8 Nc7 35. Rd8 Bf6 36. Rd7 Ne8 37. b4 Bd4 38. Kb3 Nf6 39. Rxg7+ Kxg7 40. Bb8 Ne4 41. Be6 cxb4 42. axb4 a5 43. Bd5 Nc3 44. bxa5 bxa5 45. Bc6 Ne2 46. Bc7 Bf2 47. Be5+ Kf7 48. Bf3 Nd4+ 49. Bxd4 Bxd4 50. Ka4 Bb6 51. Kb5 Bd8 52. c5 Bxh4 53. Kxa5 Ke7 54. Kb6 Bg3 55. c6 Kd8 56. Kc5 Kc7 57. Kd5 h4 58. Ke6 g5 59. Be4 g4 60. Kf5 h3 61. gxh3 1/2-1/2

[Event "SVK-chT1E 1213"]
[Site "Slovakia"]
[Date "2013.02.03"]
[Round "7.5"]
[White "Sustek, Vladimir"]
[Black "Kubik, Jozef"]
[Result "1-0"]
[WhiteElo "1957"]
[BlackElo "1273"]
[PlyCount "79"]
[EventDate "2012.10.20"]
[EventType "team-tourn"]
[EventRounds "11"]
[EventCountry "SVK"]
[SourceTitle "EXT 2015"]
[Source "ChessBase"]
[SourceDate "2014.11.20"]
[SourceVersion "1"]
[SourceVersionDate "2014.11.20"]
[SourceQuality "1"]
[WhiteTeam "Zilina Mladost"]
[BlackTeam "Kysucke Nove Mesto"]
[WhiteTeamCountry "SVK"]
[BlackTeamCountry "SVK"]

1. e4 e5 2. Nf3 Nc6 3. Bc4 Bc5 4. 0-0 d6 5. c3 Bg4 6. h3 Bh5 7. a4 a5 8. d3 h6 9. Be3 Bxe3 10. fxe3 Nce7 11. Nbd2 Nf6 12. Qe1 Bxf3 13. Nxf3 0-0 14. g4 Nh7 15. Qg3 g6 16. d4 exd4 17. exd4 Kg7 18. e5 d5 19. Bd3 f5 20. exf6+ Rxf6 21. Ne5 Qd6 22. Rxf6 Nxf6 23. g5 hxg5 24. Qxg5 Nd7 25. Nxd7 Qxd7 26. Re1 Re8 27. Qe5+ Kh7 28. Re3 c6 29. Bxg6+ Nxg6 30. Qxe8 Qf5 31. Rg3 Qb1+ 32. Kh2 Qxb2+ 33. Rg2 Qb1 34. Qe3 Qf5 35. Rf2 Qd7 36. Rf6 Qc7+ 37. Kh1 Qd7 38. h4 Qg7 39. Qg5 Kh8 40. Rxg6 1-0